Боги и герои античных сказаний: словарь; пер. с чеш.

Bibliografiska uppgifter
Huvudupphovsman: Замаровский В. Войтех
Språk:ryska
Publicerad: Москва, Республика, 1994
Ämnen:
Materialtyp: Bok
KOHA link:https://koha.lib.tpu.ru/cgi-bin/koha/opac-detail.pl?biblionumber=19388

MARC

LEADER 00000nam0a2200000 4500
001 19388
005 20231101205253.0
010 |a 5250015751 
035 |a (RuTPU)RU\TPU\book\19551 
035 |a BOOK00000040 
090 |a 19388 
100 |a 20011209d1994 km y0rusy50 ca 
101 1 |a rus  |c cze 
102 |a RU 
105 |a y e 000zy 
200 1 |a Боги и герои античных сказаний  |e словарь  |e пер. с чеш.  |f В. Замаровский 
210 |a Москва  |c Республика  |d 1994 
215 |a 399 с. 
606 1 |a Мифы  |x Философия  |2 stltpush  |3 (RuTPU)RU\TPU\subj\44120  |9 63493 
610 1 |a философия 
610 1 |a история 
610 1 |a античная мифология 
610 1 |a словари 
686 |a Э31я2  |v LBC/SL-A  |2 rubbk 
700 1 |a Замаровский  |b В.  |g Войтех 
801 0 |a RU  |b 63413507  |c 20011209  |g PSBO 
801 2 |a RU  |b 63413507  |c 20140519  |g PSBO 
942 |c BK